000 00243nam a22001217a 4500
999 _c3198
_d3198
003 OSt
005 20181029162816.0
008 181029b ||||| |||| 00| 0 eng d
040 _cDLC
082 _aREF 297
245 _aUrdu /
942 _2ddc
_cREF